Library Banner

کشاف تنقیدی اصطلاحات (Record no. 70224)

MARC details
000 -LEADER
fixed length control field 00421nam a22001337a 4500
005 - DATE AND TIME OF LATEST TRANSACTION
control field 20150422143816.0
008 - FIXED-LENGTH DATA ELEMENTS--GENERAL INFORMATION
fixed length control field 150422b xxu||||| |||| 00| 0 eng d
040 ## - CATALOGING SOURCE
Transcribing agency PK-LaUMT
082 ## - DEWEY DECIMAL CLASSIFICATION NUMBER
Classification number KHC R 891.95
Item number KSH-
245 ## - TITLE STATEMENT
Title کشاف تنقیدی اصطلاحات
Statement of responsibility, etc ابوالاعجاز حفیظ صدیقی(مرتبھ
260 ## - PUBLICATION, DISTRIBUTION, ETC. (IMPRINT)
Place of publication, distribution, etc اسلام آباد
Name of publisher, distributor, etc مقتدرہ قومی زبان
Date of publication, distribution, etc 1985
300 ## - PHYSICAL DESCRIPTION
Extent 276 ص
942 ## - ADDED ENTRY ELEMENTS (KOHA)
Koha item type Books
Holdings
Withdrawn status Lost status Damaged status Home library Current library Date acquired Full call number Barcode Date last seen Price effective from Koha item type
      UMT Main Campus UMT Main Campus 2015-04-22 KHC R 891.95 KSH- 68962 2015-04-22 2015-04-22 Books